| 000 | 00719nam a22002177a 4500 | ||
|---|---|---|---|
| 999 |
_c12719 _d12719 |
||
| 003 | AR-CdUCM | ||
| 008 | 190410b ||||| |||| 00| 0 spa d | ||
| 040 |
_aMUNICIPALIDAD PROVINCIAL DEL CUSCO _cBIBLIOTECA MUNICIPAL DEL CUSCO |
||
| 082 |
_a868.4 / _bC15 / 1943 |
||
| 100 |
_aCadalso, José _930728 |
||
| 245 | _aNoches lúgubres ; Los eruditos a la violeta / | ||
| 260 |
_aBuenos Aires : _bEmecé, _c1943. |
||
| 300 |
_a240 páginas ; _c16 cm. |
||
| 505 | _aContenido: Noches Lúgubres -- Poesías -- Cartas Marruecas. | ||
| 650 |
_aTeatro español _9648 |
||
| 650 |
_aSátira española _930729 |
||
| 650 |
_aPoesía _9139 |
||
| 700 |
_aVazquez, Joseph _930730 |
||
| 942 |
_2ddc _cLIBROS |
||
| 945 |
_aachl _d2019-04-10 |
||